Quiz de matérias escolares - Statistics

Estatísticas Gerais
  • Esse quiz foi jogado 265 vezes
  • A pontuação média é 10 de 15
Estatísticas das Respostas
Questão Resposta % Correto
Raiz quadrada de 64? 8
92%
Qual dos esportes abaixo usa-se uma bola? Basquete
88%
Quais são os planetas do Sistema Solar? Mercúrio, Vênus, Terra, Marte, Júpiter, Saturno, Urano, Netuno
84%
O que significa ''voice'' em português? Voz
81%
Quais os 5 maiores países do mundo em ordem? Rússia, Canadá, China, EUA e Brasil
74%
Em que continente está localizado a tailândia? Ásia
72%
O que significa simetria? Semelhança ou correspondência entre duas partes opostas a um eixo
71%
Qual medida de temperatura os estados unidos e myanmar usam? Fahrenheit
69%
Quais são as camadas da atmosfera? Exosfera, Termosfera, Mesosfera, Estratosfera e Troposfera
64%
O que são as Cruzadas? Expedições militares para o oriente com o objetivo de expulsar os turcos
64%
Qual é a atividade econômica mais antiga realizada pela sociedade Agricultura
60%
Quanto é 2388 + 5678 x 2 13744
52%
O que são rochas metamórficas? Rochas que sofrem alterações com o tempo
41%
Quando se usa o trema? Em palavras estrangeiras
33%
O que significa estética para a filosofia? Estudo sobre a arte
23%
Nenhum quiz correspondente encontrado
Distribuição das Pontuações
Porcentagem de Pessoas com Cada Pontuação
Percentil de Números Respondidos
Sua Pontuação Histórica
Você não jogou esse quiz